[Event "NED-chT Promotion Liga 1"]
[Site "Netherlands"]
[Date "2021.06.12"]
[Round "1.2"]
[White "Both, Bert"]
[Black "Van Rijn, Wouter"]
[Result "1-0"]
[WhiteElo "2136"]
[BlackElo "2156"]
[PlyCount "83"]
[EventDate "2021.06.12"]
[EventType "team-k.o."]
[EventRounds "2"]
[EventCountry "NED"]
[SourceTitle "EXT 2024"]
[Source "ChessBase"]
[SourceDate "2023.10.10"]
[SourceVersion "1"]
[SourceVersionDate "2023.10.10"]
[SourceQuality "1"]
[WhiteTeam "Paul Keres II"]
[BlackTeam "Arnhem"]
[WhiteTeamCountry "NED"]
[BlackTeamCountry "NED"]

1. d4 f5 2. g3 Nf6 3. Bg2 g6 4. Nf3 Bg7 5. 0-0 0-0 6. b4 c6 7. c4 d5 8. Qc2 Be6 9. Ng5 Qd7 10. Nd2 Ne4 11. Nxe6 Qxe6 12. cxd5 cxd5 13. Nxe4 fxe4 14. Be3 Rc8 15. Qd2 Nd7 16. Rfd1 Nb6 17. Bh6 Nc4 18. Qg5 Bf6 19. Qf4 Qb6 20. Bh3 Rc6 21. b5 Rd6 22. e3 e5 23. dxe5 Bxe5 24. Qg5 Bf6 25. Qf4 Bxa1 26. Rxa1 Re8 27. a4 Ne5 28. Kg2 Rf6 29. Qg5 Qd6 30. Rd1 Nd3 31. Rd2 d4 32. exd4 Qxd4 33. Qe3 Qd5 34. Bg4 b6 35. h4 Rf3 36. Qg5 Re5 37. Rxd3 Rxg5 38. Rxd5 Rxg4 39. Kh3 e3 40. Rd8+ Kf7 41. Rf8+ Ke6 42. Rxf3 1-0

[Event "NATO-ch 25th"]
[Site "Quebec"]
[Date "2014.09.08"]
[Round "1"]
[White "Van Rijn, Wouter"]
[Black "De Cat, Ben"]
[Result "1-0"]
[WhiteElo "2176"]
[BlackElo "1896"]
[PlyCount "73"]
[EventDate "2014.09.08"]
[EventType "team-swiss"]
[EventRounds "7"]
[EventCountry "CAN"]
[SourceTitle "EXT 2015"]
[Source "ChessBase"]
[SourceDate "2014.11.20"]
[SourceVersion "1"]
[SourceVersionDate "2014.11.20"]
[SourceQuality "1"]
[WhiteTeam "Netherlands"]
[BlackTeam "Belgium"]
[WhiteTeamCountry "NED"]
[BlackTeamCountry "BEL"]

1. d3 e5 2. c4 d6 3. Nc3 f5 4. g3 c6 5. Bg2 Be7 6. e4 Nf6 7. Nf3 fxe4 8. dxe4 0-0 9. 0-0 Qe8 10. c5 dxc5 11. Qb3+ Qf7 12. Qxf7+ Rxf7 13. Nxe5 Rf8 14. h3 Nbd7 15. Nxd7 Nxd7 16. Rd1 c4 17. Bf1 b5 18. a4 Bc5 19. Be3 Bxe3 20. fxe3 Ne5 21. axb5 Rb8 22. Rxa7 cxb5 23. Re7 Ng6 24. Rc7 Ne5 25. Rc5 Nf3+ 26. Kg2 Be6 27. Be2 b4 28. Nb5 c3 29. bxc3 bxc3 30. Bxf3 Bxh3+ 31. Kxh3 Rxf3 32. Nxc3 Rxe3 33. Rd7 Kh8 34. Rcc7 h6 35. Nd5 Rxe4 36. Rxg7 Re6 37. Nf4 1-0

[Event "NATO-ch 22nd"]
[Site "Kaunas"]
[Date "2011.08.12"]
[Round "7"]
[White "Van Rijn, Wouter"]
[Black "Picart, Laurent"]
[Result "1/2-1/2"]
[WhiteElo "2191"]
[BlackElo "2094"]
[PlyCount "83"]
[EventDate "2011.08.08"]
[EventType "swiss"]
[EventRounds "7"]
[EventCountry "LTU"]
[SourceTitle "CBM 143 Extra"]
[Source "ChessBase"]
[SourceDate "2011.08.29"]
[SourceVersion "1"]
[SourceVersionDate "2011.08.29"]
[SourceQuality "1"]

1. d4 Nf6 2. c4 e6 3. Nc3 Bb4 4. Bd2 0-0 5. e3 b6 6. Bd3 Bb7 7. Nf3 d5 8. cxd5 exd5 9. 0-0 Nbd7 10. Rc1 a6 11. Ne2 Bd6 12. Ng3 g6 13. Qc2 Re8 14. Ng5 c5 15. Qb1 c4 16. Bc2 b5 17. f4 Ng4 18. Rce1 Nf8 19. Qd1 f5 20. Bxf5 gxf5 21. Nxf5 Nf6 22. Nh6+ Kg7 23. Ngf7 Qd7 24. Nxd6 Kxh6 25. Nxe8 Rxe8 26. h3 Ne4 27. g4 Kg7 28. Kh2 Bc8 29. Re2 h6 30. Be1 Nh7 31. Rg2 Kh8 32. a3 Qc7 33. h4 Rg8 34. Kg1 Nhf6 35. f5 Qg7 36. Rf4 Nh5 37. Rxe4 dxe4 38. Qc2 Bxf5 39. gxf5 Qxg2+ 40. Qxg2 Rxg2+ 41. Kxg2 Nf6 42. Kg3 1/2-1/2

[Event "NATO-ch 22nd"]
[Site "Kaunas"]
[Date "2011.08.11"]
[Round "6"]
[White "Van Rijn, Wouter"]
[Black "Helbig, Mark"]
[Result "0-1"]
[WhiteElo "2191"]
[BlackElo "2315"]
[PlyCount "102"]
[EventDate "2011.08.08"]
[EventType "swiss"]
[EventRounds "7"]
[EventCountry "LTU"]
[SourceTitle "CBM 143 Extra"]
[Source "ChessBase"]
[SourceDate "2011.08.29"]
[SourceVersion "1"]
[SourceVersionDate "2011.08.29"]
[SourceQuality "1"]

1. e4 c6 2. d4 d5 3. exd5 cxd5 4. c4 Nf6 5. Nc3 Nc6 6. Nf3 Bg4 7. cxd5 Nxd5 8. Qb3 Bxf3 9. gxf3 e6 10. Qxb7 Nxd4 11. Bb5+ Nxb5 12. Qxb5+ Qd7 13. Qxd7+ Kxd7 14. Nxd5 exd5 15. Be3 Bb4+ 16. Ke2 a6 17. Rhg1 g6 18. Rg4 Rab8 19. Rd1 Ke6 20. Rc1 h5 21. Rd4 Rhd8 22. b3 a5 23. Rc6+ Rd6 24. Rc7 Rbd8 25. Bg5 R8d7 26. Rc8 Kf5 27. h4 Re6+ 28. Kd3 f6 29. Be3 g5 30. Rg8 Bc5 31. Ra4 Bb4 32. a3 d4 33. Bxg5 Bc3 34. Bd2 Bxd2 35. Kxd2 d3 36. Rxa5+ Kf4 37. Rxh5 Re2+ 38. Kd1 Ra2 39. Rg6 Rd6 40. Rhh6 Ke5 41. f4+ Kf5 42. Rg5+ Kxf4 43. Rgg6 Kf5 44. Rg3 d2 45. Rf3+ Kg4 46. Rg3+ Kf4 47. Rxf6+ Rxf6 48. Rd3 Ke4 49. Rxd2 Rxf2 50. Rxf2 Rxf2 51. b4 Kd4 0-1

[Event "NATO-ch 21st"]
[Site "Koge"]
[Date "2010.10.21"]
[Round "6"]
[White "Van Rijn, Wouter"]
[Black "Kapral, Krzysztof"]
[Result "1-0"]
[WhiteElo "2179"]
[BlackElo "2127"]
[PlyCount "119"]
[EventDate "2010.10.18"]
[EventType "swiss"]
[EventRounds "7"]
[EventCountry "DEN"]
[SourceTitle "EXT 2011"]
[Source "ChessBase"]
[SourceDate "2010.11.26"]
[SourceVersion "1"]
[SourceVersionDate "2010.11.26"]
[SourceQuality "1"]

1. e4 c5 2. Nf3 Nc6 3. d4 cxd4 4. Nxd4 Nf6 5. Nc3 e5 6. Ndb5 d6 7. Bg5 a6 8. Na3 b5 9. Nd5 Be7 10. Bxf6 Bxf6 11. c3 Bb7 12. Nc2 Bg5 13. g3 Nb8 14. Bg2 Nd7 15. 0-0 0-0 16. f4 Bh6 17. Nce3 g6 18. Qg4 Bxd5 19. Nxd5 Nf6 20. Nxf6+ Qxf6 21. Rad1 Rad8 22. f5 Qe7 23. Rd5 Rc8 24. f6 Qa7+ 25. Kh1 Rc6 26. Rfd1 Qf2 27. Qh4 Be3 28. R5d3 b4 29. Qg4 bxc3 30. bxc3 h5 31. Qd7 Rb6 32. Rxd6 Rb2 33. Qh3 Rxa2 34. g4 Re2 35. gxh5 Re1+ 36. Rxe1 Qxe1+ 37. Bf1 Bc5 38. Rc6 Qxe4+ 39. Qg2 Qxg2+ 40. Kxg2 Be3 41. hxg6 fxg6 42. Bxa6 Bg5 43. Bc4+ Kh8 44. f7 Kg7 45. Kf3 Bd2 46. Bd5 Rd8 47. c4 Bc3 48. Ke4 Rh8 49. c5 Rh4+ 50. Kf3 Rh3+ 51. Kg4 Rh8 52. Ra6 e4 53. Kf4 Bd4 54. c6 e3 55. Ra2 Rh4+ 56. Kf3 Rh3+ 57. Ke4 Rh4+ 58. Kd3 Bc5 59. c7 Rd4+ 60. Ke2 1-0

[Event "NATO-ch 21st"]
[Site "Koge"]
[Date "2010.10.18"]
[Round "1"]
[White "Parisse, Denis"]
[Black "Van Rijn, Wouter"]
[Result "0-1"]
[WhiteElo "1960"]
[BlackElo "2179"]
[PlyCount "86"]
[EventDate "2010.10.18"]
[EventType "swiss"]
[EventRounds "7"]
[EventCountry "DEN"]
[SourceTitle "EXT 2011"]
[Source "ChessBase"]
[SourceDate "2010.11.26"]
[SourceVersion "1"]
[SourceVersionDate "2010.11.26"]
[SourceQuality "1"]

1. e4 c5 2. f4 d6 3. Nf3 Nc6 4. c3 Nf6 5. d3 g6 6. Be2 Bg7 7. 0-0 c4 8. e5 dxe5 9. fxe5 cxd3 10. exf6 Qb6+ 11. Kh1 dxe2 12. fxg7 exf1Q+ 13. Qxf1 Rg8 14. Bh6 Bf5 15. Nbd2 0-0-0 16. Nc4 Qa6 17. Nfd2 f6 18. Qf4 e5 19. Qf2 Qb5 20. b3 Qd5 21. Rf1 Bd3 22. Re1 f5 23. Bg5 Rxg7 24. Bxd8 Kxd8 25. Qh4+ Re7 26. Qf6 e4 27. Nd6 Kc7 28. N2c4 b5 29. Nxb5+ Qxb5 30. Qd6+ Kb7 31. Qxe7+ Nxe7 32. Nd6+ Kc6 33. Nxb5 Kxb5 34. Kg1 f4 35. Kf2 g5 36. g3 f3 37. g4 Kc5 38. Rh1 Ng6 39. h3 Nh4 40. Ke3 Ng2+ 41. Kf2 Be2 42. Rc1 e3+ 43. Kg1 Nf4 0-1

[Event "NATO-ch 20th"]
[Site "Hammelburg"]
[Date "2009.06.18"]
[Round "6"]
[White "Gooris, Jan"]
[Black "Van Rijn, Wouter"]
[Result "1/2-1/2"]
[WhiteElo "2132"]
[BlackElo "2161"]
[PlyCount "150"]
[EventDate "2009.06.15"]
[EventType "swiss"]
[EventRounds "7"]
[EventCountry "GER"]
[SourceTitle "CBM 130 Extra"]
[Source "ChessBase"]
[SourceDate "2009.07.02"]
[SourceVersion "2"]
[SourceVersionDate "2009.07.15"]
[SourceQuality "1"]

1. e4 c5 2. Nc3 Nc6 3. f4 g6 4. Nf3 Bg7 5. Bb5 e6 6. Bxc6 bxc6 7. d3 d5 8. e5 Ne7 9. 0-0 Ba6 10. Re1 Nf5 11. Na4 Qa5 12. b3 Bf8 13. Bd2 Qc7 14. c4 h5 15. Kh1 Rd8 16. Rc1 Be7 17. Re2 dxc4 18. dxc4 Nd4 19. Rf2 h4 20. Qe1 Rd7 21. Ba5 Qc8 22. Rd1 Rh5 23. Rfd2 h3 24. Qf1 hxg2+ 25. Qxg2 Rf5 26. Qg4 Rh5 27. Nb2 Kf8 28. Nd3 Kg7 29. Nf2 Qh8 30. Ne4 Qh6 31. Bc3 Rh3 32. Nfg5 Rh4 33. Qg3 Ne2 34. Qf2 Rxd2 35. Bxd2 Nd4 36. Be3 Qh5 37. Rf1 Bb7 38. Bd2 Qg4 39. Rg1 Qh5 40. Be3 a5 41. Ng3 Qh8 42. Rg2 a4 43. N3e4 axb3 44. axb3 Qh5 45. Nd6 Bxg5 46. Rxg5 Qd1+ 47. Rg1 Qf3+ 48. Qxf3 Nxf3 49. Rg2 Ba6 50. Ne4 Rh3 51. Nxc5 Bc8 52. Re2 Rh8 53. Bg1 Rd8 54. Kg2 Nh4+ 55. Kg3 Nf5+ 56. Kf3 f6 57. Be3 Kf7 58. Rd2 Rh8 59. Bd4 Nh4+ 60. Kg4 f5+ 61. Kg3 g5 62. fxg5 Ng6 63. Bc3 f4+ 64. Kg2 Nh4+ 65. Kf1 Kg6 66. Ba5 Nf3 67. Rf2 Nxh2+ 68. Ke2 Kf5 69. Bc7 Ng4 70. Rg2 Kxg5 71. Ne4+ Kh4 72. Nf6 Nxf6 73. Rh2+ Kg3 74. Rxh8 f3+ 75. Kf1 Ng4 1/2-1/2

[Event "NATO-ch 20th"]
[Site "Hammelburg"]
[Date "2009.06.16"]
[Round "2"]
[White "Adkins, James D"]
[Black "Van Rijn, Wouter"]
[Result "1/2-1/2"]
[WhiteElo "2015"]
[BlackElo "2161"]
[PlyCount "106"]
[EventDate "2009.06.15"]
[EventType "swiss"]
[EventRounds "7"]
[EventCountry "GER"]
[SourceTitle "CBM 130 Extra"]
[Source "ChessBase"]
[SourceDate "2009.07.02"]
[SourceVersion "2"]
[SourceVersionDate "2009.07.15"]
[SourceQuality "1"]

1. f4 g6 2. e4 Bg7 3. d4 d5 4. e5 h5 5. Bd3 Nh6 6. Nf3 0-0 7. 0-0 Bf5 8. c3 Bxd3 9. Qxd3 e6 10. Na3 Nd7 11. b4 a5 12. b5 c5 13. bxc6 bxc6 14. Nc2 c5 15. Ne3 Qc7 16. Ba3 Rfc8 17. Rfc1 Qa7 18. h3 Bf8 19. Qe2 cxd4 20. Bxf8 d3 21. Qxd3 Kxf8 22. Kh2 Nc5 23. Qd4 Ne4 24. c4 Qxd4 25. Nxd4 dxc4 26. Nxc4 Nf5 27. Nxf5 gxf5 28. Nb6 Rxc1 29. Rxc1 Rd8 30. Rc2 h4 31. Rc8 Rxc8 32. Nxc8 Nc3 33. a3 Ne2 34. Nd6 Nxf4 35. g3 hxg3+ 36. Kxg3 Nd5 37. Nc4 a4 38. Nb2 Nc3 39. Kf4 Kg7 40. Kg5 f6+ 41. exf6+ Kf7 42. h4 Ne4+ 43. Kf4 Kxf6 44. Nxa4 e5+ 45. Ke3 Nd6 46. Nb2 f4+ 47. Kf2 Kf5 48. a4 e4 49. a5 Kg4 50. a6 Nb5 51. Nc4 Na7 52. h5 Kxh5 53. Nd6 e3+ 1/2-1/2

[Event "NATO-ch 20th"]
[Site "Hammelburg"]
[Date "2009.06.15"]
[Round "1"]
[White "Van Rijn, Wouter"]
[Black "Onley, David E"]
[Result "1-0"]
[WhiteElo "2161"]
[BlackElo "1952"]
[PlyCount "89"]
[EventDate "2009.06.15"]
[EventType "swiss"]
[EventRounds "7"]
[EventCountry "GER"]
[SourceTitle "CBM 130 Extra"]
[Source "ChessBase"]
[SourceDate "2009.07.02"]
[SourceVersion "2"]
[SourceVersionDate "2009.07.15"]
[SourceQuality "1"]

1. e4 c5 2. Nf3 e6 3. d4 cxd4 4. Nxd4 Nc6 5. Nc3 a6 6. Be2 Nge7 7. 0-0 Nxd4 8. Qxd4 Nc6 9. Qd3 Qc7 10. f4 Nb4 11. Qd1 Be7 12. a3 Nc6 13. Be3 b5 14. e5 Bb7 15. Bd3 Na5 16. Ne4 Nc4 17. Bd4 Qc6 18. Qe2 Nb6 19. Rac1 Rc8 20. f5 Nc4 21. Qg4 Qd5 22. Kh1 g6 23. fxg6 hxg6 24. Qf4 Rh4 25. Qxf7+ Kd8 26. Qf2 Rxe4 27. Bxe4 Qxe4 28. b3 Qxg2+ 29. Qxg2 Bxg2+ 30. Kxg2 Nxa3 31. c3 Bg5 32. Rf8+ Kc7 33. Rxc8+ Kxc8 34. Ra1 Nc2 35. Rxa6 Nxd4 36. cxd4 Be3 37. Rd6 Bd2 38. Kf3 b4 39. Ke4 Kc7 40. Kd3 Bc3 41. Kc4 Bd2 42. h3 g5 43. Kc5 Bc3 44. Ra6 Kb7 45. Ra2 1-0

[Event "NATO-ch 19th"]
[Site "Brussels"]
[Date "2008.08.05"]
[Round "2"]
[White "Van Rijn, Wouter"]
[Black "Hole, Oystein"]
[Result "1/2-1/2"]
[WhiteElo "2152"]
[BlackElo "2390"]
[PlyCount "83"]
[EventDate "2008.08.04"]
[EventType "swiss"]
[EventRounds "7"]
[EventCountry "BEL"]
[SourceTitle "EXT 2015"]
[Source "ChessBase"]
[SourceDate "2014.11.20"]
[SourceVersion "1"]
[SourceVersionDate "2014.11.20"]
[SourceQuality "1"]

1. f4 Nf6 2. Nf3 g6 3. c4 Bg7 4. Nc3 d5 5. d4 0-0 6. e3 b6 7. cxd5 Nxd5 8. Bc4 Bb7 9. 0-0 e6 10. Qe2 Nd7 11. e4 Nxc3 12. bxc3 c5 13. e5 Qc7 14. Be3 Rfd8 15. g4 Nf8 16. f5 exf5 17. gxf5 gxf5 18. Ng5 Bd5 19. Bxd5 Rxd5 20. Rxf5 cxd4 21. cxd4 f6 22. Qg2 Rad8 23. Ne4 Ng6 24. Rc1 Qd7 25. Nxf6+ Bxf6 26. Rxf6 Rxd4 27. Bxd4 Qxd4+ 28. Kh1 Qxe5 29. Rcf1 Rd7 30. R6f5 Qe7 31. Qc6 Rc7 32. Qd5+ Kg7 33. Qd4+ Kh6 34. R5f3 Qe6 35. Rf6 Qe7 36. R6f3 Qe6 37. Rf6 Qe7 38. R6f2 Rd7 39. Qg4 Kg7 40. Rg2 Rd5 41. h4 Kh6 42. Rh2 1/2-1/2

[Event "Balatonlelle op 26th"]
[Site "Balatonlelle"]
[Date "2008.06.19"]
[Round "4.26"]
[White "Launiau, Severin"]
[Black "Van Rijn, Wouter"]
[Result "1-0"]
[WhiteElo "2101"]
[BlackElo "2166"]
[PlyCount "73"]
[EventDate "2008.06.14"]
[EventType "swiss"]
[EventRounds "9"]
[EventCountry "HUN"]
[SourceTitle "CBM 125 Extra"]
[Source "ChessBase"]
[SourceDate "2008.09.01"]
[SourceVersion "1"]
[SourceVersionDate "2008.09.01"]
[SourceQuality "1"]

1. c4 e6 2. e4 c5 3. Nc3 Nc6 4. Nf3 d6 5. Be2 g6 6. d4 cxd4 7. Nxd4 a6 8. 0-0 Bg7 9. Nxc6 bxc6 10. Qc2 Ne7 11. Rd1 Bb7 12. Bf4 e5 13. Bg5 f6 14. Be3 Qc7 15. b4 0-0 16. Na4 f5 17. Bb6 Qb8 18. Ba5 fxe4 19. Nb6 d5 20. cxd5 cxd5 21. Qc5 Nf5 22. Rxd5 Nd4 23. Bc4 Kh8 24. Nxa8 Qxa8 25. Qxf8+ Bxf8 26. Rd8 Qa7 27. Bc7 Nc6 28. Rxf8+ Kg7 29. Rf7+ Kh6 30. Rd1 e3 31. Rdd7 exf2+ 32. Kf1 Ne7 33. Rfxe7 Qe3 34. Rxh7+ Kg5 35. Bd8+ Kf5 36. Rdf7+ Ke4 37. Rh4+ 1-0

[Event "Balatonlelle op 26th"]
[Site "Balatonlelle"]
[Date "2008.06.15"]
[Round "2.31"]
[White "Antos, Zoltan"]
[Black "Van Rijn, Wouter"]
[Result "1/2-1/2"]
[WhiteElo "2020"]
[BlackElo "2166"]
[PlyCount "72"]
[EventDate "2008.06.14"]
[EventType "swiss"]
[EventRounds "9"]
[EventCountry "HUN"]
[SourceTitle "CBM 125 Extra"]
[Source "ChessBase"]
[SourceDate "2008.09.01"]
[SourceVersion "1"]
[SourceVersionDate "2008.09.01"]
[SourceQuality "1"]

1. e4 d5 2. exd5 Nf6 3. d4 Nxd5 4. Nf3 g6 5. c4 Nf6 6. Nc3 Bg7 7. h3 0-0 8. Be3 b6 9. Be2 Bb7 10. Rc1 Nbd7 11. b4 c5 12. bxc5 bxc5 13. d5 Qa5 14. Qa4 Qxa4 15. Nxa4 Rfc8 16. Nd2 e6 17. dxe6 fxe6 18. 0-0 Bc6 19. Bd1 Ne4 20. Bf3 Nxd2 21. Bxc6 Rxc6 22. Bxd2 Ra6 23. Nc3 Ne5 24. Be3 Nd3 25. Rc2 Nb4 26. Rcc1 Rc8 27. Rfd1 Nxa2 28. Nxa2 Rxa2 29. Rd7 a5 30. Ra7 a4 31. Rb1 Bb2 32. Rd1 Bf6 33. Rdd7 a3 34. Bxc5 Ra1+ 35. Kh2 a2 36. Bd4 Bxd4 1/2-1/2

[Event "NATO-ch 18th"]
[Site "Ankara"]
[Date "2007.09.07"]
[Round "7"]
[White "Van Rijn, Wouter"]
[Black "Helbig, Mark"]
[Result "0-1"]
[WhiteElo "2203"]
[BlackElo "2334"]
[PlyCount "96"]
[EventDate "2007.09.01"]
[EventType "swiss"]
[EventRounds "7"]
[EventCountry "TUR"]
[SourceTitle "EXT 2008"]
[Source "ChessBase"]
[SourceDate "2007.11.25"]
[SourceVersion "1"]
[SourceVersionDate "2007.11.25"]
[SourceQuality "1"]
[WhiteTeam "Netherlands"]
[BlackTeam "Germany"]
[WhiteTeamCountry "NED"]
[BlackTeamCountry "GER"]

1. f4 g6 2. Nf3 d5 3. e3 Bg7 4. Be2 c5 5. d3 Nc6 6. 0-0 Bg4 7. c4 e6 8. Qb3 Qd7 9. h3 Bxf3 10. Bxf3 Nge7 11. cxd5 exd5 12. Bg4 f5 13. Bf3 0-0 14. Nc3 Rad8 15. Bxd5+ Nxd5 16. e4 Nce7 17. Be3 fxe4 18. dxe4 c4 19. Qxc4 Rc8 20. Qb3 Bxc3 21. exd5 Nf5 22. d6+ Qf7 23. d7 Rc7 24. Rad1 Rd8 25. Bxa7 Qxb3 26. axb3 Ba5 27. g4 Ne7 28. Bf2 Rdxd7 29. Ra1 Bd2 30. Ra8+ Kf7 31. Ra4 Rc2 32. f5 gxf5 33. gxf5 Nxf5 34. Bd4 Kg6 35. Be5 h5 36. Ra8 Rc1 37. Rg8+ Kf7 38. Rxc1 Kxg8 39. Rc2 Kf7 40. Kf2 Ba5 41. Kf3 Ke6 42. Ke4 Rd1 43. Bh8 Bb6 44. Rg2 Re1+ 45. Kf4 Be3+ 46. Ke4 Bd4+ 47. Kf4 Bxh8 48. Rg8 Be5+ 0-1

[Event "NATO-ch 18th"]
[Site "Ankara"]
[Date "2007.09.03"]
[Round "3"]
[White "Van Rijn, Wouter"]
[Black "Carrascoso Morales, Abel"]
[Result "1/2-1/2"]
[WhiteElo "2203"]
[BlackElo "2214"]
[PlyCount "81"]
[EventDate "2007.09.01"]
[EventType "swiss"]
[EventRounds "7"]
[EventCountry "TUR"]
[SourceTitle "EXT 2008"]
[Source "ChessBase"]
[SourceDate "2007.11.25"]
[SourceVersion "1"]
[SourceVersionDate "2007.11.25"]
[SourceQuality "1"]
[WhiteTeam "Netherlands"]
[BlackTeam "Spain"]
[WhiteTeamCountry "NED"]
[BlackTeamCountry "ESP"]

1. Nf3 g6 2. e4 Bg7 3. d4 d6 4. Nc3 Nf6 5. h3 0-0 6. Be3 c6 7. Bd3 b5 8. Qd2 a5 9. Ne2 e5 10. dxe5 dxe5 11. Ng3 Qe7 12. 0-0 Bb7 13. c4 b4 14. c5 Na6 15. Rac1 Nd7 16. Bxa6 Bxa6 17. Rfd1 Bc8 18. Qd6 Qxd6 19. Rxd6 Ra6 20. Rcd1 Rd8 21. Bg5 Re8 22. Rxd7 Bxd7 23. Rxd7 f6 24. Be3 Raa8 25. Kf1 Bf8 26. Nd2 Red8 27. Rxd8 Rxd8 28. Ke2 Rb8 29. Kd3 Kf7 30. Kc4 Ke6 31. f4 Be7 32. Nb3 Bd8 33. Nc1 Bc7 34. f5+ Kf7 35. Nd3 Rg8 36. Ne1 Rd8 37. Nd3 Rg8 38. Bf2 gxf5 39. exf5 e4 40. Nxe4 Rxg2 41. Nd6+ 1/2-1/2

[Event "Arnhem Euwe Stimulans-B"]
[Site "Arnhem"]
[Date "2007.08.22"]
[Round "6"]
[White "Van Rijn, Wouter"]
[Black "Van den Dikkenberg, Erik"]
[Result "1-0"]
[WhiteElo "2203"]
[BlackElo "2135"]
[PlyCount "45"]
[EventDate "2007.08.17"]
[EventType "tourn"]
[EventRounds "9"]
[EventCountry "NED"]
[SourceTitle "EXT 2008"]
[Source "ChessBase"]
[SourceDate "2007.11.25"]
[SourceVersion "1"]
[SourceVersionDate "2007.11.25"]
[SourceQuality "1"]

1. e4 c5 2. Nf3 d6 3. d4 cxd4 4. Nxd4 Nf6 5. Nc3 a6 6. Be2 e5 7. Nb3 Be7 8. Be3 0-0 9. g4 Be6 10. g5 Nfd7 11. Qd2 b5 12. a4 b4 13. Nd5 Nc6 14. Rd1 Re8 15. Nxe7+ Qxe7 16. Qxd6 Nd4 17. Qxe7 Nxc2+ 18. Kd2 Rxe7 19. Kxc2 Rc8+ 20. Kb1 Bxb3 21. Rc1 Rxc1+ 22. Rxc1 Bxa4 23. b3 1-0

[Event "Arnhem Euwe Stimulans-B"]
[Site "Arnhem"]
[Date "2007.08.19"]
[Round "3"]
[White "Van Tol, Leon J"]
[Black "Van Rijn, Wouter"]
[Result "1/2-1/2"]
[WhiteElo "2239"]
[BlackElo "2203"]
[PlyCount "97"]
[EventDate "2007.08.17"]
[EventType "tourn"]
[EventRounds "9"]
[EventCountry "NED"]
[SourceTitle "EXT 2008"]
[Source "ChessBase"]
[SourceDate "2007.11.25"]
[SourceVersion "1"]
[SourceVersionDate "2007.11.25"]
[SourceQuality "1"]

1. c4 d5 2. cxd5 Nf6 3. Nc3 Nxd5 4. g3 c5 5. Bg2 Nc7 6. Qa4+ Qd7 7. Nf3 Nc6 8. d3 e5 9. Be3 Be7 10. Nd2 Nd4 11. Qxd7+ Bxd7 12. Rc1 0-0 13. Nc4 Bc6 14. 0-0 Bxg2 15. Kxg2 f6 16. Rfd1 Rac8 17. Kf1 Kf7 18. Ne4 Ke6 19. Ncd2 Nd5 20. Nc3 f5 21. Bxd4 cxd4 22. Nxd5 Kxd5 23. e4+ dxe3 24. fxe3 g5 25. Ke2 Ke6 26. e4 f4 27. g4 Rh8 28. Nf3 Rxc1 29. Rxc1 h5 30. h3 hxg4 31. hxg4 Kd6 32. b4 a5 33. Rc5 axb4 34. Rd5+ Kc7 35. Rxe5 Bf6 36. Rc5+ Kb6 37. Rc1 Ra8 38. Rc2 Ra3 39. Kd2 b3 40. axb3 Rxb3 41. e5 Be7 42. Nd4 Rb1 43. Nf5 Bb4+ 44. Ke2 Re1+ 45. Kf3 Rxe5 46. Rb2 Ka5 47. Ra2+ Kb5 48. Ra8 Be1 49. Rg8 1/2-1/2

[Event "Dieren op"]
[Site "Dieren"]
[Date "2005.08.03"]
[Round "8"]
[White "Van Rijn, Wouter"]
[Black "Sprangers, Remco"]
[Result "0-1"]
[WhiteElo "2304"]
[BlackElo "2130"]
[PlyCount "88"]
[EventDate "2005.07.26"]
[EventType "swiss"]
[EventRounds "9"]
[EventCountry "NED"]
[SourceTitle "CBM 107 Extra"]
[Source "ChessBase"]
[SourceDate "2005.09.01"]
[SourceVersion "1"]
[SourceVersionDate "2005.09.01"]
[SourceQuality "1"]

1. e4 c5 2. Nf3 d6 3. d4 cxd4 4. Nxd4 Nf6 5. Nc3 a6 6. Bg5 e6 7. f4 Be7 8. Qf3 Qc7 9. 0-0-0 Nbd7 10. g4 b5 11. Bxf6 Nxf6 12. g5 Nd7 13. h4 Bb7 14. f5 e5 15. Nde2 Nc5 16. Ng3 0-0-0 17. f6 gxf6 18. gxf6 Bf8 19. Nf5 Kb8 20. Kb1 Rc8 21. Rh2 Rg8 22. Ne3 Bc6 23. Ncd5 Qb7 24. Bh3 Rd8 25. Bf5 Rh8 26. Qh5 b4 27. Rg2 Ne6 28. Rg4 Nd4 29. Bxh7 Bb5 30. Rd2 Be2 31. Rxe2 Nxe2 32. Rg7 Nd4 33. Rxf7 Rd7 34. Rxf8+ Rxf8 35. Bg6 Qb5 36. Be8 Nf3 37. Bxd7 Qe2 38. Qxf3 Qxf3 39. Bg4 Qh1+ 40. Bd1 Qxh4 41. Nxb4 Rxf6 42. Nxa6+ Kb7 43. Nb4 Qe1 44. Nbd5 Rf3 0-1

[Event "Dieren op"]
[Site "Dieren"]
[Date "2005.08.01"]
[Round "6"]
[White "Van Rijn, Wouter"]
[Black "Van der Elburg, Freddie"]
[Result "0-1"]
[WhiteElo "2304"]
[BlackElo "2290"]
[PlyCount "86"]
[EventDate "2005.07.26"]
[EventType "swiss"]
[EventRounds "9"]
[EventCountry "NED"]
[SourceTitle "CBM 107 Extra"]
[Source "ChessBase"]
[SourceDate "2005.09.01"]
[SourceVersion "1"]
[SourceVersionDate "2005.09.01"]
[SourceQuality "1"]

1. Nf3 f5 2. c4 Nf6 3. Nc3 d6 4. d4 g6 5. Bg5 Nbd7 6. Qc2 Bg7 7. 0-0-0 c6 8. e4 fxe4 9. Nxe4 Nxe4 10. Qxe4 Nf6 11. Qc2 Qa5 12. Bd3 Qxa2 13. Rhe1 Qa1+ 14. Kd2 Qa5+ 15. Kc1 Bf5 16. c5 Bxd3 17. Rxd3 d5 18. Rde3 Qa1+ 19. Kd2 Ne4+ 20. Rxe4 Qa5+ 21. Kc1 dxe4 22. Qxe4 0-0 23. Bxe7 Rf7 24. Bd6 Qa2 25. h4 a5 26. Qe6 Qxe6 27. Rxe6 a4 28. Kc2 Bf8 29. Bg3 Re7 30. Rxe7 Bxe7 31. Kd3 Ra5 32. Ne5 Rb5 33. Nc4 Rb3+ 34. Ke4 Rb4 35. Kd3 Kf7 36. Kc3 Rb3+ 37. Kc2 Bf6 38. Be5 Bxh4 39. Nb6 Bxf2 40. Nxa4 Rb4 41. b3 Bxd4 42. Bd6 Bf6 43. Nb6 Rg4 0-1

[Event "Dieren op"]
[Site "Dieren"]
[Date "2005.07.30"]
[Round "4"]
[White "Van Rijn, Wouter"]
[Black "Van Kerkhof, David"]
[Result "0-1"]
[WhiteElo "2304"]
[BlackElo "2170"]
[PlyCount "110"]
[EventDate "2005.07.26"]
[EventType "swiss"]
[EventRounds "9"]
[EventCountry "NED"]
[SourceTitle "CBM 107 Extra"]
[Source "ChessBase"]
[SourceDate "2005.09.01"]
[SourceVersion "1"]
[SourceVersionDate "2005.09.01"]
[SourceQuality "1"]

1. f4 g6 2. e4 c5 3. Bc4 Nc6 4. Nf3 Bg7 5. c3 e6 6. e5 d5 7. Bb3 d4 8. d3 Nge7 9. Qe2 b6 10. Nbd2 h5 11. Ne4 Nf5 12. 0-0 Kf8 13. Nfg5 Qe7 14. Bd2 Bb7 15. a3 Rd8 16. c4 Bh6 17. Ba4 Bxg5 18. Nxg5 Kg7 19. Ne4 Nb8 20. b4 Nd7 21. Rab1 h4 22. Rb2 Ba8 23. Rfb1 Rc8 24. Bxd7 Qxd7 25. bxc5 bxc5 26. Rb5 a6 27. Rb6 Rc6 28. R6b3 Rcc8 29. Bc1 Qe7 30. a4 h3 31. g3 Qc7 32. Rb6 Rb8 33. a5 Rxb6 34. axb6 Qb7 35. Ba3 Rc8 36. Qg4 Nh6 37. Qxh3 Rc6 38. Qh4 Ng8 39. Qd8 Rc8 40. Qh4 Rc6 41. Qh3 Rxb6 42. Rxb6 Qxb6 43. Bxc5 Qb2 44. Qg2 Qc1+ 45. Qf1 Qe3+ 46. Qf2 Qxd3 47. Nd6 Nh6 48. h3 Nf5 49. Kh2 Ne3 50. Ne8+ Kh8 51. Nf6 Nd1 52. Qa2 Qf3 53. Nd5 Nf2 54. Qb1 exd5 55. e6 dxc4 0-1